India & Pakistan : (Record no. 187381)

000 -LEADER
fixed length control field 01202 a2200253 4500
003 - CONTROL NUMBER IDENTIFIER
control field Nust
005 - DATE AND TIME OF LATEST TRANSACTION
control field 20230202114610.0
010 ## - LIBRARY OF CONGRESS CONTROL NUMBER
LC control number 2001289361
020 ## - INTERNATIONAL STANDARD BOOK NUMBER
International Standard Book Number 0195796039
035 ## - SYSTEM CONTROL NUMBER
System control number (DLC) 2001289361
040 ## - CATALOGING SOURCE
Transcribing agency Nust
082 00 - DEWEY DECIMAL CLASSIFICATION NUMBER
Classification number 954,DUR
100 1# - MAIN ENTRY--PERSONAL NAME
Personal name Durrani, Mahmud Ali.
9 (RLIN) 46322
245 10 - TITLE STATEMENT
Title India & Pakistan :
Remainder of title the cost of conflict and the benefits of peace /
Statement of responsibility, etc. Mahmud Ali Durrani ; foreword by Bharat Bhushan.
260 ## - PUBLICATION, DISTRIBUTION, ETC.
Place of publication, distribution, etc. Karachi :
Name of publisher, distributor, etc. Oxford University Press,
Date of publication, distribution, etc. 2001.
300 ## - PHYSICAL DESCRIPTION
Extent xxii, 96 p. :
Other physical details ill. ;
Dimensions 23 cm.
505 ## - FORMATTED CONTENTS NOTE
Formatted contents note Introduction South Asian Dilemma (Page-1), The Causes of Conflict (Page-5), Military Expenditure and National Developments (Page-9), Fore Structure and Defense Spending (Page-14), The Nuclear Dimension (Page-28), Trade and Economic Cooperation (Page-40), Conflict Resolution (Page-50), Peace Harvest (Page-60), Conclusion (Page-76).
650 ## - SUBJECT ADDED ENTRY--TOPICAL TERM
Topical term or geographic name entry element Pakistan And India
9 (RLIN) 108451
651 #0 - SUBJECT ADDED ENTRY--GEOGRAPHIC NAME
Geographic name India
General subdivision Armed Forces
-- Appropriations and expenditures.
9 (RLIN) 108452
651 #0 - SUBJECT ADDED ENTRY--GEOGRAPHIC NAME
Geographic name India
General subdivision Relations
Geographic subdivision Pakistan.
9 (RLIN) 108453
651 #0 - SUBJECT ADDED ENTRY--GEOGRAPHIC NAME
Geographic name Pakistan
General subdivision Armed Forces
-- Appropriations and expenditures.
9 (RLIN) 108454
651 #0 - SUBJECT ADDED ENTRY--GEOGRAPHIC NAME
Geographic name Pakistan
General subdivision Relations
Geographic subdivision India.
9 (RLIN) 108455
942 ## - ADDED ENTRY ELEMENTS (KOHA)
Source of classification or shelving scheme
Koha item type Book
Holdings
Withdrawn status Lost status Source of classification or shelving scheme Damaged status Not for loan Permanent Location Current Location Shelving location Date acquired Shelving control number Full call number Barcode Date last seen Price effective from Koha item type Public note
          Military College of Signals (MCS) Military College of Signals (MCS) General Stacks 12/12/2016 History 954,DUR MCS28349 12/08/2016 12/12/2016 Book Almirah No.61, Shelf No.2
© 2023 Central Library, National University of Sciences and Technology. All Rights Reserved.